| 000 | 00847nam a2200253 a 4500 | ||
|---|---|---|---|
| 001 | 000007231 | ||
| 003 | OSt | ||
| 005 | 20210215105116.0 | ||
| 008 | 090907s1996 dr a 000 0 spa d | ||
| 040 |
_aDO-SdBNP _bspa _cBNPHU |
||
| 082 |
_a618 _bP592a |
||
| 100 | 1 |
_aPichardo, Alejandro _9238 |
|
| 245 | 1 | 0 |
_aArmano de obstetricia y ginecología / _cAlejandro Pichardo. |
| 260 |
_aSanto Domingo : _bUniversitaria, _c1996. |
||
| 300 |
_a217 p. : _bil. ; _c21 cm. |
||
| 490 | 0 |
_aPublicaciones de la Universidad Autónoma de Santo Domingo ; _v780 |
|
| 504 | _aBibliografía : p. 209-215 | ||
| 590 | _aInventariado,2018/DG | ||
| 650 | 4 |
_aObstetricia _920060 |
|
| 650 | 4 |
_aGinecología _920061 |
|
| 830 | 0 |
_aPublicaciones de la Universidad Autónoma de Santo Domingo ; _n780 _920062 |
|
| 910 | _aValidado. Control de calidad. MFF | ||
| 942 |
_2ddc _cLBS1 |
||
| 999 |
_c7012 _d7012 |
||